| 000 | 01124nam a2200325 a 4500 | ||
|---|---|---|---|
| 001 | 000028713 | ||
| 003 | DO-SdBPM | ||
| 005 | 20250319100248.0 | ||
| 007 | 000028713 | ||
| 008 | 110411s2008 dr a 000 f spa d | ||
| 020 | _a9789945175905 | ||
| 040 |
_aDO-SdBPM _bspa _cBPMSU |
||
| 082 | 4 |
_aRD863.44 _bS787c 2019 _222 |
|
| 100 | 1 |
_aStanley, Avelino, _d1959- |
|
| 245 | 1 | 3 |
_aLa ciguapa encantada por la luna / _cAvelino Stanley ; ilustraciones de Montserrat Ubach Figueras |
| 260 |
_aSanto Domingo : _bEdiciones SM, _c2019 |
||
| 300 |
_a157 p. : _bilustración ; _c23 cm. |
||
| 490 | 0 |
_aEl barco de vapor, _v4 |
|
| 500 | _aIncluye datos biográficos del autor en contracubierta. | ||
| 500 | _aA partir de los doce años | ||
| 521 | 1 | _aA partir de 12 años. | |
| 586 | _aObra finalista “El barco de vapor”, 2007. | ||
| 590 | _aInventariado, 2025/VM | ||
| 650 | 4 | _aCuentos infantiles dominicanos | |
| 650 | 4 | _aLeyendas dominicanas | |
| 650 | 4 | _aLiteratura infantil dominicana | |
| 700 | 1 |
_aUbach Figueras, Montserrat, _eilustraciones |
|
| 910 | _aVMateo V. Control de calidad BPMSU | ||
| 942 |
_2ddc _cBK |
||
| 999 |
_c15013 _d15013 |
||